00753cam a22002178i 4500008004100000020002500041100002300066245013400089260004200223300003400265504004100299650003200340650003900372650002800411650002500439700002300464700002100487003000100508005001700509040000900526  a9781475808377 (hbk.)1 aYoung, Nicholas D.10aEducational entrepreneurship :bpromoting public-private partnerships for the 21st century /cNicholas D. Young and Peter Bittel. 1aLanham :bRowman & Littlefield,c2015 axiv, 216 p. :bill. ;c24 cm. aIncludes bibliographical references. 0aPrivatization in education. 0aPublic-private sector cooperation. 0aBusiness and education. 0aEducation and state.1 aYoung, Nicholas D.1 aBittel, Peter J.20230123122207.0 cNUST